00253nam a2200121Ia 45000030006000000080041000060400015000471000019000622450012000812600009000935460012001020050017001140STCL150530s9999 xx 000 0 und d aSTCLcSTCL aBanerjee, G.C. aPoultry c1979 aEnglish20220125170419.0